U.S. Presidents That Were Secretary of State - Statistics

General Stats
  • This quiz has been taken 108 times
  • The average score is 5 of 6
Answer Stats
Year(s) Answer % Correct
1790-1793 Thomas Jefferson
98%
1817-1825 John Quincy Adams
92%
1801-1809 James Madison
91%
1811-1817 James Monroe
91%
1829-1831 Martin Van Buren
77%
1845-1849 James Buchanan
59%
No matching quizzes found
Score Distribution
Percent of People with Each Score
Percentile by Number Answered
Your Score History
You have not taken this quiz